Idiomas más hablados de Europa - Estadísticas

Estadísticas generales
  • Esta prueba ha sido intentada 166 veces
  • La puntuación promedio es 22 de 30
Estadísticas de respuestas
Nº Hablantes en Europa Idioma % Correcto
71.000.000 Francés
100%
100.000.000 Alemán
99%
48.000.000 Español
99%
61.000.000 Inglés
99%
100.000.000 Ruso
99%
65.000.000 Italiano
96%
9.000.000 Sueco
94%
12.000.000 Griego
93%
44.000.000 Polaco
93%
5.000.000 Noruego
92%
21.000.000 Serbocroata
90%
22.000.000 Neerlandés
88%
12.000.000 Portugués
88%
24.000.000 Rumano
88%
34.000.000 Ucraniano
86%
5.500.000 Danés
85%
10.000.000 Búlgaro
83%
10.000.000 Checo
82%
80.000.000 Turco
81%
13.000.000 Húngaro
80%
5.000.000 Eslovaco
79%
4.353.000 Catalán
76%
9.000.000 Bielorruso
62%
5.500.000 Finés
56%
4.300.000 Albanés
55%
5.000.000 Armenio
24%
5.500.000 Azerí
15%
8.000.000 Kazajo
13%
16.000.000 Kurdo
8%
8.000.000 Tártaro
8%
No se encontraron pruebas coincidentes
Distribución de puntuación
Porcentaje de gente con cada puntuación
Porcentaje por número respondido
Historial de tus puntuaciones
No has intentado esta prueba.